Transfer of GAI gene into Hevea brasiliensis by particle bombardment (Record no. 71471)

MARC details
000 -LEADER
fixed length control field 00532nam a2200193Ia 4500
100 ## - MAIN ENTRY--AUTHOR NAME
Personal name Wang Ying
245 #0 - TITLE STATEMENT
Title Transfer of GAI gene into Hevea brasiliensis by particle bombardment
260 ## - PUBLICATION, DISTRIBUTION, ETC. (IMPRINT)
Name of publisher Journal of Tropical and Subtropical Botany
Year of publication 2006
300 ## - PHYSICAL DESCRIPTION
Number of Pages 179-182
650 ## - SUBJECT ADDED ENTRY--TOPICAL TERM
Topical Term GAI gene
650 ## - SUBJECT ADDED ENTRY--TOPICAL TERM
Topical Term Gene transfer
650 ## - SUBJECT ADDED ENTRY--TOPICAL TERM
Topical Term Genetic transformation
700 ## - ADDED ENTRY--PERSONAL NAME
Personal name Chen XinongTing
700 ## - ADDED ENTRY--PERSONAL NAME
Personal name Peng Ming
700 ## - ADDED ENTRY--PERSONAL NAME
Personal name Zhang XiuJuan
856 ## - ELECTRONIC LOCATION AND ACCESS
Uniform Resource Identifier CAB CD
942 ## - ADDED ENTRY ELEMENTS (KOHA)
Koha item type Journals
Holdings
Withdrawn status Lost status Damaged status Not for loan Home library Current library Shelving location Date acquired Serial Enumeration / chronology Koha item type
      Journals RRII Library RRII Library Biotechnology 16/08/2007 Volume 14, Issue 3 Journals